Xarxa de parcs naturals : sabors dels parcs : rutes enogastronòmiques sabors dels parcs :
Publicado:
Barcelona :
Diputació de Barcelona. Àrea de Territori i Sostenibilitat. Gerència de Serveis d'Espais Naturals ,
2012
Descripción Física:
[15] p. : il. col. ; 21 cm
Colección:
Activitats culturals
MARC
| LEADER | 00000nam a2200000Ia 4500 | ||
|---|---|---|---|
| 001 | 23746 | ||
| 008 | 160829s2012 xx 000 0 cat d | ||
| 080 | |a FU-62-33 | ||
| 245 | |a Xarxa de parcs naturals : |b sabors dels parcs : |b rutes enogastronòmiques | ||
| 260 | |a Barcelona : |b Diputació de Barcelona. Àrea de Territori i Sostenibilitat. Gerència de Serveis d'Espais Naturals, |c 2012 | ||
| 300 | |a [15] p. : |b il. col. ; |c 21 cm | ||
| 490 | |a Activitats culturals | ||
| 610 | 1 | 0 | |a Barcelona (Catalunya : Província). |b Xarxa de Parcs Naturals |x Activitats culturals |9 52895 |
| 710 | 1 | |a Barcelona (Catalunya : Província). |b Gerència de Serveis d’Espais Naturals |9 52730 | |
| 901 | |a Arxiu | ||
| 942 | |n 1 | ||
| 952 | |0 0 |1 0 |4 0 |6 FU6233 |7 1 |9 56112 |a Arxiu |b Arxiu |d 2016-12-01 |l 0 |o FU-62-33 |p 23746 |r 2016-12-01 00:00:00 |w 2016-12-01 |y ARXIU | ||
| 999 | |c 59988 |d 59988 | ||